|
|
|
|
| LEADER |
00000cam a2200000 4500 |
| 001 |
vtls012240250 |
| 003 |
SK-MaSNL |
| 005 |
20260301171342.0 |
| 008 |
230927s1980 xo oa g 000 0 hun |
| 015 |
|
|
|a SNBA1980
|
| 020 |
|
|
|a 9631122107
|q (viazané)
|
| 022 |
|
|
|a 0453-6541
|
| 040 |
|
|
|a SNK
|b slo
|c SNK
|e rda
|
| 041 |
0 |
|
|a hun
|
| 043 |
|
|
|a e-hu---
|
| 044 |
|
|
|a xo
|c SK
|
| 072 |
|
7 |
|a 94(100)
|x Svetové dejiny
|2 konspekt
|
| 080 |
|
|
|a 94(100)"1918/1939"
|2 2011
|
| 080 |
|
|
|a 94(439)
|2 2011
|
| 080 |
|
|
|a (048.8)
|2 2011
|
| 100 |
1 |
|
|a Fekete, Gyula,
|d 1922-2010
|4 aut
|9 132284
|
| 245 |
1 |
0 |
|a Fortélyos félelem igazgat
|b Magyarország 1919-1945 között
|c Gyula Fekete
|
| 264 |
|
1 |
|a Bratislava
|b Madách könyvkiadó
|c 1980
|
| 300 |
|
|
|a 159 strán
|b fotografie, ilustrácie
|c 29 cm
|e 1 brožúra
|
| 336 |
|
|
|a text
|b txt
|2 rdacontent
|
| 336 |
|
|
|a statický obraz
|b sti
|2 rdacontent
|
| 337 |
|
|
|a bez média
|b n
|2 rdamedia
|
| 338 |
|
|
|a zväzok
|b nc
|2 rdacarrier
|
| 648 |
|
7 |
|a 1919-1945
|2 SNKPH
|9 307585
|
| 650 |
0 |
7 |
|a medzivojnové obdobie
|2 SNKPH
|9 87874
|
| 650 |
0 |
7 |
|a Interwar period
|2 SNKPHeng
|9 447646
|
| 651 |
|
7 |
|a Maďarsko
|x dejiny
|2 SNKPHgeo
|9 18630
|
| 651 |
|
7 |
|a Hungary
|x history
|2 SNKPHeng
|9 314626
|
| 655 |
|
7 |
|a monografie
|2 SNKPH
|9 70139
|
| 655 |
|
7 |
|a Monographs
|2 SNKPHeng
|9 120675
|
| 852 |
|
|
|a Slovenská národná knižnica
|
| 919 |
|
|
|a 963 11 210 7
|
| 954 |
|
|
|a odborná, vedecká literatúra cudzojazyčná (svetová)
|2 lita
|2 SNKPHgeo
|
| 958 |
|
|
|a HU
|
| 999 |
|
|
|c 830574
|d 832504
|
| 952 |
|
|
|a SNK
|b SNK
|y PREZ
|7 0
|p 17A1531656
|o snkSB 99631
|i snk2023/13821
|8 7
|3 Obsahuje prílohu: 1 brožúra
|0 0
|1 0
|4 0
|d 2023-09-27
|l 0
|r 2026-02-24 03:36:29
|w 2026-02-24
|
| 952 |
|
|
|a SNK
|b SNK
|y PREZ
|7 0
|p 17A1531657
|o snkSB 99631/príl.
|i snk2023/13821
|8 7
|z Príloha: 1 brožúra
|0 0
|1 0
|4 0
|d 2023-09-27
|l 0
|r 2026-02-24 03:36:29
|w 2026-02-24
|